000 00877cam a22002531 4500
001 25385
003 BD-RjUL
005 20211209050854.0
008 140318s1966 enkach b 000 0 eng
035 _a(BD-RjUL)25455
040 _aDLC
_cWa
_dDLC
_dBD-RjUL
_beng
041 _aeng
082 0 0 _a914.20381
_bVIC 1966
100 1 _aEvans, Joan,
_d1893-1977.
_961802
245 1 4 _aThe Victorians /
_cintroduced by Joan Evans.
260 _aLondon :
_bCambridge University Press,
_c1966.
300 _aviii, 254 p. :
_bfronts, 102 illus. (incl. ports.), facsims. ;
_c29 cm.
504 _aBibliographical references included in "Notes on the quotations" (p. 239-248)
651 0 _aGreat Britain
_xSocial life and customs
_y19th century.
_965266
651 0 _aGreat Britain
_xHistory
_yVictoria, 1837-1901.
_978049
942 _2ddc
_cBK
999 _c25385
_d25385